000 00852nam a2200265 a 4500
001 vtls001528291
003 NLI
005 20210627144828.0
008 121212s1901 wau 000 0 eng
039 9 _y201212121616
_zVLOAD
040 0 _aNLI
_beng
_cXData_1
_eAACR2
041 0 _aeng
044 _awau
082 _a157
100 1 _aGoethe, Johann Wolfgang Von
_9705711
245 1 0 _aConversations with eckermann :
_bbeing appreciations and critteisms on many subjects /
_cby Johann Wolfgang von Goethe ; introduction by Wallace Wood
260 _aWashington :
_bM. Walter Dunne, Publisher,
_c1901
300 _axii, 397 p. ;
_c22 cm.
650 0 _aGerman literature
_9679008
887 _a
901 _aIMP296135
_b13.07.1953
902 _a157 D 375
949 _AVIRTUAITEM
_D10000
_X100
_6IMP000296135ENG
942 _2ddc
_cBKS
999 _aVIRTUA40
_c977931
_d977931